000 01988cam a22004575i 4500
001 18655925
003 OSt
005 20240530110629.0
008 150612m20159999ua b b 001 0 eng c
020 _a9789774165993
_q(v. 1)
020 _a9774165993
_q(v. 1)
020 _a9789774166921
_q(v. 2)
020 _a9774166922
_q(v. 2)
035 _a(OCoLC)ocn905954887
040 _aYDXCP
_beng
_cYDXCP
_erda
_dDLC
_dZCU
_dIUL
_dOSU
_dCUY
_dDLC
042 _alccopycat
_apcc
043 _af-ua---
082 0 4 _223
_a932
_bCC/T W
100 1 _aThompson, Jason,
_d1950-
_eauthor.
245 1 0 _aWonderful things :
_ba history of Egyptology /
_cJason Thompson.
264 1 _aCairo, Egypt ;
_aNew York, NY :
_bThe American University in Cairo Press,
_c2015-
300 _avolumes <1-2> :
_bmaps ;
_c24 cm
336 _atext
_2rdacontent
337 _aunmediated
_2rdamedia
338 _avolume
_2rdacarrier
500 _aProjected to be complete in 3 volumes.
504 _aIncludes bibliographical references and indexes.
505 1 _a1. From antiquity to 1881 -- 2. The Golden Age: 1881-1914
650 0 _aEgyptology
_xHistory.
650 7 _aAntiquities.
_2fast
_0(OCoLC)fst00810745
650 7 _aEgyptology.
_2fast
_0(OCoLC)fst00904000
651 0 _aEgypt
_xAntiquities.
651 7 _aEgypt.
_2fast
_0(OCoLC)fst01208755
655 7 _aHistory.
_2fast
_0(OCoLC)fst01411628
856 4 2 _3Contributor biographical information
_uhttp://catdir.loc.gov/catdir/enhancements/fy1516/2015413557-b.html
856 4 2 _3Publisher description
_uhttp://catdir.loc.gov/catdir/enhancements/fy1516/2015413557-d.html
856 4 1 _3Table of contents only
_uhttp://catdir.loc.gov/catdir/enhancements/fy1516/2015413557-t.html
906 _a7
_bcbc
_cpccadap
_d2
_encip
_f20
_gy-gencatlg
942 _2ddc
_cBK
999 _c63221
_d63221